000 00393nam a2200169Ia 4500
008 230524s9999 xx 000 0 und d
020 _a8131301620
082 _a511.3
_bSIP
100 _aMichael Sipser
245 0 _aTheory of Computation
250 _a3RD
260 _aNEW DELHI
_bThomson
_c2005
300 _a396
500 _aQuantity Number: 142
650 _aComp-Sc
942 _cBK
999 _c15019
_d15019